000 00662nam a22002177a 4500
003 DO-SdBNP
005 20151123132737.0
008 151123b 1984 sp xxu||||| |||| 00| 0 spa d
040 _aBPMSU
_bspa
_cBPMSU
092 _axxxxx
_bxxxxx
245 0 0 _aCómo aprender a cortar y coser /
_credaccción Maite Pugés ; traducción y adaptación Marta F. de Blanco.
260 _aBarcelona :
_bEdiciones Hymsa,
_c[1984].
300 _a136 p. :
_bil. ;
_c28 cm.
490 1 _aHogar
700 1 2 _aPugés, Maite
700 1 2 _aBlanco, Marta F. de,
_etr.
700 1 2 _aSarret, Josep,
_eed.
830 0 _aHogar
942 _2ddc
_cBK
956 _aLorenza Pérez
_b10
999 _c8868
_d8868